The murder at the vicarage [DVD/videorecording] ; ... Read More
Available copies
- 3 of 3 copies available at LARL/NWRL Consortium.
Current holds
0 current holds with 3 total copies.
Show Only Available Copies
| Location | Call Number / Copy Notes | Barcode | Shelving Location | Status | Due Date |
|---|---|---|---|---|---|
| Greenbush Public Library | DVD MUR (Text) | 35500004146526 | Main | Available | - |
| Hallock Public Library | DVD MUR (Text) | 35500004394589 | Main | Available | - |
| Roseau Public Library | DVD MUR (Text) | 35500003952148 | Main | Available | - |
Record details
- ISBN: 0767042778 (set)
- ISBN: 9780767042772 (set)
- ISBN: 0767042794 (v. 2)
- ISBN: 9780767042796 (v. 2)
- Physical Description: 1 videodisc (ca. 200 min.) : sd., col. ; 4 3/4 in.
- Publisher: New York : A & E Television : p1986, c2001.
Content descriptions
| General Note: | TV series originally broadcast in 1986. Based on stories by Agatha Christie. DVD features: interactive menus ; scene selection. |
| Creation/Production Credits Note: | Produced by George Gallaccio ; dramatised by T.R. ... Read More |
| Participant or Performer Note: | Joan Hickson ; Murder at the vicarage: Paul ... Read More |
| Summary, etc.: | Work 1. When Colonel Lucius Protheroe; the most ... Read More |
| System Details Note: | DVD. |
Search for related items by subject
| Genre: | Television mini-series. DVDs. |
Search for related items by series
| LDR | 03092cgm a2200613Ia 4500 | ||
|---|---|---|---|
| 001 | 75209 | ||
| 003 | LARL_NWRL_CONSORTIUM | ||
| 005 | 20061221162248.0 | ||
| 007 | vd cgaizs | ||
| 008 | 020605p20011986nyu200 e vleng d | ||
| 020 | . | ‡a0767042778 (set) | |
| 020 | . | ‡a9780767042772 (set) | |
| 020 | . | ‡a0767042794 (v. 2) | |
| 020 | . | ‡a9780767042796 (v. 2) | |
| 028 | 4 | 2. | ‡aAAE-70380 ‡bA & E (set) |
| 028 | 4 | 2. | ‡aAAE-70382 ‡bA & E (v.2) |
| 035 | . | ‡a(OCoLC)49931230 | |
| 043 | . | ‡ae-uk--- | |
| 082 | 0 | 4. | ‡a791.45 |
| 090 | . | ‡aPR6005.H66 ‡bM87 2001 | |
| 245 | 0 | 4. | ‡aThe murder at the vicarage ‡h[DVD/videorecording] ; ‡bNemesis / ‡ca BBC TV production in association with the Arts and Entertainment Network, U.S.A. and the Seven Network, Australia. |
| 246 | 3 | 0. | ‡aNemesis |
| 246 | 3 | 0. | ‡aMiss Marple |
| 260 | . | ‡aNew York : ‡bA & E Television : ‡bDistributed by New Video, ‡cp1986, c2001. | |
| 300 | . | ‡a1 videodisc (ca. 200 min.) : ‡bsd., col. ; ‡c4 3/4 in. | |
| 490 | 0 | . | ‡aAgatha Christie's Miss Marple ; ‡vSet 2 ; ‡vv. 2 |
| 538 | . | ‡aDVD. | |
| 511 | 1 | . | ‡aJoan Hickson ; Murder at the vicarage: Paul Eddington, Cheryl Campbell ; Nemesis: Margaret Tyzack, Anna Cropper. |
| 508 | . | ‡aProduced by George Gallaccio ; dramatised by T.R. Bowen ; photography, John Walker. Murder at the vicarage: directed by Julian Amyes ; editor, Bernard Ashby. Nemesis: directed by David Tucker ; editor, Frances Parker. | |
| 500 | . | ‡aTV series originally broadcast in 1986. | |
| 500 | . | ‡aBased on stories by Agatha Christie. | |
| 520 | . | ‡aWork 1. When Colonel Lucius Protheroe; the most hated man in the village of St. Mary Mead, is found dead there is no shortage of suspects. Work 2. Miss Marple is asked to solve a crime and right an injustice; there's just one problem, first she must discover what crime was committed. | |
| 500 | . | ‡aDVD features: interactive menus ; scene selection. | |
| 600 | 1 | 0. | ‡aChristie, Agatha, ‡d1890-1976 ‡vFilm adaptations. |
| 650 | 0. | ‡aMarple, Jane (Fictitious character) ‡vDrama. | |
| 650 | 0. | ‡aMurder ‡vDrama. ‡0(LARL_NWRL_CONSORTIUM)166039 | |
| 650 | 0. | ‡aDetective and mystery television programs ‡zGreat Britain. | |
| 655 | 0. | ‡aTelevision mini-series. ‡0(LARL_NWRL_CONSORTIUM)175781 | |
| 650 | 0. | ‡aTelevision programs ‡zGreat Britain. ‡0(LARL_NWRL_CONSORTIUM)175496 | |
| 655 | 0. | ‡aDVDs. | |
| 700 | 1 | . | ‡aChristie, Agatha, ‡d1890-1976. ‡0(LARL_NWRL_CONSORTIUM)2142 |
| 700 | 1 | . | ‡aHickson, Joan, ‡d1906-1998. ‡0(LARL_NWRL_CONSORTIUM)142424 |
| 700 | 1 | . | ‡aGallaccio, George. ‡0(LARL_NWRL_CONSORTIUM)219734 |
| 901 | . | ‡a75209 ‡bOCLC ‡c75209 ‡tbiblio | |

Add to basket
Permalink
Disable Highlighting